[Event "IECG QA.2002.0.00013"]
[Site "IECG email"]
[Date "2002.01.18"]
[Round "1"]
[White "Voin, Doru"]
[Black "Marcotulli, Giancarlo"]
[Result "0-1"]
[WhiteElo "2095"]
[BlackElo "2066"]
[PlyCount "72"]
[EventDate "2002.01.18"]
[EventType "tourn (corr)"]
[EventRounds "6"]
[SourceTitle "Corr 2024"]
[Source "ChessBase"]
[SourceDate "2023.10.19"]
[SourceVersion "1"]
[SourceVersionDate "2023.10.19"]
[SourceQuality "1"]

1. c4 c5 2. Nc3 Nf6 3. g3 Nc6 4. Bg2 e6 5. Nf3 d5 6. cxd5 Nxd5 7. 0-0 Be7 8. d4 0-0 9. e4 Nxc3 10. bxc3 b6 11. d5 Na5 12. Bf4 exd5 13. exd5 Bd6 14. Bxd6 Qxd6 15. Nd2 Qh6 16. Re1 Bd7 17. Nb3 Nc4 18. Qd3 Nd6 19. Re7 Bf5 20. Qe2 Qf6 21. Qe5 Qxe5 22. Rxe5 f6 23. Re7 Rfe8 24. Rae1 Kf8 25. Rxe8+ Rxe8 26. Rxe8+ Kxe8 27. Nd2 Ke7 28. Bf1 Ne4 29. Nxe4 Bxe4 30. c4 b5 31. f3 Bxf3 32. Kf2 Be4 33. Ke3 Bb1 34. a3 bxc4 35. Bxc4 Kd6 36. h4 f5 0-1

[Event "IECG QA.2002.0.00013"]
[Site "IECG email"]
[Date "2002.01.18"]
[Round "1"]
[White "Voin, Doru"]
[Black "Petrov, Milen"]
[Result "1-0"]
[WhiteElo "2095"]
[BlackElo "2092"]
[PlyCount "47"]
[EventDate "2002.01.18"]
[EventType "tourn (corr)"]
[EventRounds "6"]
[SourceTitle "Corr 2024"]
[Source "ChessBase"]
[SourceDate "2023.10.19"]
[SourceVersion "1"]
[SourceVersionDate "2023.10.19"]
[SourceQuality "1"]

1. c4 Nf6 2. Nc3 c5 3. g3 d5 4. cxd5 Nxd5 5. Bg2 Nc7 6. Nf3 Nc6 7. Qa4 Bd7 8. 0-0 e5 9. d3 Be7 10. Be3 0-0 11. Rac1 f5 12. a3 Nd4 13. Qd1 Nc6 14. b4 cxb4 15. axb4 b5 16. Qb3+ Be6 17. Qb2 Rc8 18. Nb1 Bd5 19. Nxe5 Nxe5 20. Qxe5 Bxg2 21. Kxg2 Bxb4 22. Bxa7 Bd6 23. Qb2 Qe7 24. Rc6 1-0